01392naa a2200229 i 45000010005000000030009000050050017000140080039000310400036000700410008001060440008001140800021001220800010001431000154001532450132003075000021004395200211004606550030006717110099007017110111008007730251009113874KOSZ 00520180420134409.0140630s1997 pl f |100 0 eng cKOSZ 005aKOSZ 005dKOSZ 005/HR aeng aPOL a004.032.26+004.8 a621.51 aKICZKOWIAK, Tomasz.d1996 - 2017.bPolitechnika Koszalińska - Wydział Mechaniczny,cKatedra Systemów Sterowania Zakład Automatyki Przemysłowej10aAnalyssis feasibility of artificial neural networks in design of pneumatic driving systems /cSzymon Grymek, Tomasz Kiczkowiak. aDane z autopsji. aIn the paper there are presented an algorithm of design of pneumatic driving system and analysis of the algorithm due to need and possibility of application of ANN. Some ideas of applications are described. 0aMateriały konferencyjne.22aConference Neural Networks and their Applicationsn(3 ;d1997 ;cCzęstochowa - Kule, Polska)22aSummer School on Neural Networks Applications to Signal Processingd(1997 ;cCzęstochowa - Kule, Polska)0 iW :tProceedings of the thirth Conference Neural Networks and their applications and Summer School on Neural Networks Applications to Signal Processing / eds. R. Tadeusiewicz, L. Rutkowski, J. Chojcan. -dCzęstochowa : PNNS, 1997. -gs. 444-449